| 000 | 004330000a22001210004500 | ||
|---|---|---|---|
| 082 | 0 | 4 | _aMat Biográfico H558v |
| 100 | 1 | _aHernández Carvajal, Juan Pablo | |
| 245 | 1 | 0 | _aValores y diversidad cultural en la cultura infantil : proyecto de promoción de la lectura en el corregimiento de San Cristobal / Director Juan Pablo Hernández Carvajal |
| 260 | _aMedellín : Editorial Lóguez | ||
| 300 | _a25 P. | ||
| 001 | 1791 | ||
| 942 | _cLGB | ||
| 999 |
_c48948 _d48948 |
||